| 000 | 00665cam a22002173a 4500 | ||
|---|---|---|---|
| 001 | 18914 | ||
| 003 | PGUSA | ||
| 005 | 20140828083412.0 | ||
| 008 | 060726s2006||||xxu|||||s|||||000 | eng d | ||
| 040 |
_aPGUSA _beng |
||
| 042 | _adc | ||
| 050 | 4 | _aAP | |
| 245 | 1 | 4 |
_aThe Atlantic Monthly, Volume 20, No. 117, July, 1867 : _bA Magazine of Literature, Science, Art, and Politics _h[electronic resource] / _cVarious |
| 260 |
_bProject Gutenberg, _c2006 |
||
| 506 | _aPublic domain in the USA. | ||
| 516 | _aElectronic text | ||
| 653 | _aAmerican periodicals | ||
| 830 | 0 |
_aProject Gutenberg _v18914 |
|
| 856 | 4 | 0 | _uhttp://www.gutenberg.org/ebooks/18914 |
| 942 | _cEB | ||
| 999 |
_c248169 _d248169 |
||